Normal view
MARC view
- Armacost, Michael H.
Entry Personal Name
001 - CONTROL NUMBER
- control field: 8024
003 - CONTROL NUMBER IDENTIFIER
- control field: NUST
005 - DATE AND TIME OF LATEST TRANSACTION
- control field: 20180104150042.0
008 - FIXED-LENGTH DATA ELEMENTS
- fixed length control field: 180104|| aca||aabn | a|a d
040 ## - CATALOGING SOURCE
- Original cataloging agency: NUST
- Transcribing agency: NUST
100 ## - HEADING--PERSONAL NAME
- Personal name: Armacost, Michael H.
670 ## - SOURCE DATA FOUND
- Source citation: Work cat.: (NUST)0: Armacost, Michael H., Friends or rivals? :, 1996.
